Turystyczne szczyty Beskidu Małego - Statystyki

Ogólne statystyki
  • Ten quiz został rozwiązany 9 razy
  • Średni wynik to 6 z 20
Statystyki odpowiedzi
Hint Odpowiedź % Poprawnych
922m Leskowiec
88%
930m Czupel
75%
909m Magurka Wilkowicka
63%
888m Potrójna
63%
816m Gaiki
50%
761m Góra Żar
50%
828m Rogacz
38%
833m Groniczki
25%
828m Hrobacza Łąka
25%
827m Kiczera
25%
554m Łysa Góra
25%
817m Magurka Ponikiewska
25%
749m Bujakowska Góra
13%
798m Gancarz
13%
868m Jaworzyna
13%
795m Kościelec
13%
757m Złota Górka
13%
808m Czarna Góra
0%
831m Jawornica
0%
832m Kucówki
0%
Nie znaleziono quizów pasujących do podanych kryteriów
Rozkład punktacji
Procent ludzi z każdym wynikiem
Percentyl według liczby udzielonych odpowiedzi
Twoja historia wyników
Nie rozwiązałeś tego quizu